Score 0/20 Timer 06:00
7 Plays Today
% Correct
DAREDEVIL
93.3%
HARMONICA
76.6%
DROMEDARY
71.9%
PALISADE
69.3%
SHOGUN
68.9%
REMAINED
68.3%
PROSECUTE
66.4%
CALIBRATED
65.6%
MILLIONS
64.9%
UNFORTUNATELY
62.1%
% Correct
RIVERBANK
59%
COMPLIMENTARY
52.9%
CONGREGATIONAL
52.8%
STIMULANTS
51.5%
TRUTHFULNESS
50.5%
CHANCELLORS
49.5%
CHEERLEADER
43%
TRUSTWORTHY
42.9%
ESCARGOT
39.6%
ANTIPERSPIRANT
31.9%
Remove Ads.
Support Sporcle.
Get the best of Sporcle when you Go Orange. This ad-free experience offers more features, more stats, and more fun while also helping to support Sporcle. Thank you for becoming a member.

You're not logged in!

Compare scores with friends on all Sporcle quizzes.
OR
Log In

Show Comments

Extras

Top Quizzes Today


Score Distribution

Your Account Isn't Verified!

In order to create a playlist on Sporcle, you need to verify the email address you used during registration. Go to your Sporcle Settings to finish the process.

Report this User

Report this user for behavior that violates our Community Guidelines.

Details: